| 000 | 00775nam a22001457a 4500 | ||
|---|---|---|---|
| 003 | OSt | ||
| 005 | 20160310104040.0 | ||
| 008 | 160310b xxu||||| |||| 00| 0 eng d | ||
| 040 | _cRUA | ||
| 082 | _aLMA KRO 2014 B467 Or.1 | ||
| 100 |
_97887 _aKROCH BUNTHOEUN; ក្រូូច ប៊ុនធឿន |
||
| 245 | _aAdjudication process systematicland registration in toulamphil commune, baseth district, kampong speu province, ដំណើរការវិនិច្ឆ័យក្នុងការចុះបញ្ជីដីធ្លីមានលក្ខណៈជាប្រព័ន្ធនៅឃុំទួលអំពិល ស្រុុកបសេដ្ឋ ខេត្តកំពង់ស្ពឺ | ||
| 300 |
_aix,43p. _bill. _c29cm. |
||
| 942 |
_2ddc _cLMA |
||
| 999 |
_c7481 _d7481 |
||